Minuloročný deficit je spôsobený výdavkovou expanziou

Dopad hospodárskej krízy na reálnu ekonomiku. Pokles ekonomickej aktivity a rast nezamestnanosti. Zhoršenie verejných financií v krajinách EÚ. Eurostat o hospodárení vlád v Európe.

Uložené v:
Podrobná bibliografia
Hlavný autor: Zlacký, Vladimír
Médium: Kapitola
Jazyk:Slovak
Predmet:
Tagy: Pridať tag
Žiadne tagy, Buďte prvý, kto otaguje tento záznam!

MARC

LEADER 00000naa a2200000 4500
001 0121917
005 20231006123642.2
041 0 |a slo 
044 |a SK 
245 1 0 |a Minuloročný deficit je spôsobený výdavkovou expanziou  |c Vladimír Zlacký 
520 |a Dopad hospodárskej krízy na reálnu ekonomiku. Pokles ekonomickej aktivity a rast nezamestnanosti. Zhoršenie verejných financií v krajinách EÚ. Eurostat o hospodárení vlád v Európe. 
610 2 0 |a Európa 
610 2 0 |a Európska únia 
610 2 0 |a rozpočet štátny 
610 2 0 |a deficit 
610 2 0 |a politika fiškálna 
610 2 0 |a financie verejné 
610 2 0 |a financie štátne 
610 2 0 |a dlhy štátne 
610 2 0 |a dlhy verejné 
610 2 0 |a produkt domáci hrubý 
610 2 0 |a nezamestnanosť 
100 1 |a Zlacký, Vladimír